Chemical kinetics and mechanism /

Chemical Kinetics and Mechanism considers the role of rate of reaction. It begins by introducing chemical kinetics and the analysis of reaction mechanism, from basic well-established concepts to leading edge research. Organic reaction mechanisms are then discussed, encompassing curly arrows, nucleop...

Full description

Bibliographic Details
Corporate Author: Open University
Other Authors: Mortimer, Michael, 1948-, Taylor, Peter, 1953-
Format: eBook
Language:English
Published: Cambridge, UK : Royal Society of Chemistry : Open University, 2002.
Series:Molecular world.
Subjects:
Online Access:Connect to the full text of this electronic book

MARC

Tag First Indicator Second Indicator Subfields
LEADER 00000cam a2200000Ia 4500
001 in00004356913
005 20210728140441.0
006 m o d
007 cr cn|||||||||
008 080626s2002 enka ob 001 0 eng d
015 |a GBB6I9321  |2 bnb 
016 7 |a 017990042  |2 Uk 
019 |a 226753876  |a 643209745  |a 843640934  |a 961579551  |a 962658144  |a 965967159  |a 988410124  |a 992101264  |a 1037756444  |a 1038661956  |a 1038686713  |a 1045501215  |a 1081286558  |a 1086550846 
020 |a 1847557805  |q (electronic bk.) 
020 |a 9781847557803  |q (electronic bk.) 
020 |z 0854046704 
020 |z 9780854046706 
035 |a (OCoLC)232637931  |z (OCoLC)226753876  |z (OCoLC)643209745  |z (OCoLC)843640934  |z (OCoLC)961579551  |z (OCoLC)962658144  |z (OCoLC)965967159  |z (OCoLC)988410124  |z (OCoLC)992101264  |z (OCoLC)1037756444  |z (OCoLC)1038661956  |z (OCoLC)1038686713  |z (OCoLC)1045501215  |z (OCoLC)1081286558  |z (OCoLC)1086550846 
035 |a (OCoLC)ocn232637931 
035 |a 6432156 
037 |a 10.1039/9781847557803  |b Royal Society of Chemistry  |n http://www.rsc.org/spr 
040 |a UKRSC  |b eng  |e pn  |c UKRSC  |d UKRSC  |d CUS  |d OKU  |d AU@  |d OCLCQ  |d E7B  |d OCLCQ  |d OCLCO  |d N$T  |d OCLCF  |d YDXCP  |d OCLCQ  |d AZK  |d LOA  |d AGLDB  |d COCUF  |d MOR  |d CCO  |d PIFAG  |d ZCU  |d OCLCQ  |d MHW  |d EBLCP  |d LIP  |d MERUC  |d OCLCQ  |d U3W  |d STF  |d WRM  |d VTS  |d NRAMU  |d ICG  |d NLE  |d INT  |d OCLCQ  |d UKMGB  |d VT2  |d OCLCQ  |d LEAUB  |d DKC  |d OCLCQ  |d M8D  |d OL$  |d OCLCQ  |d UKAHL  |d OCLCQ  |d INARC  |d AJS  |d UtOrBLW 
049 |a TXAM 
050 4 |a QD502  |b .C54 2002eb 
072 7 |a SCI  |x 013050  |2 bisacsh 
082 0 4 |a 541.394  |2 22 
245 0 0 |a Chemical kinetics and mechanism /  |c edited by Michael Mortimer and Peter Taylor. 
264 1 |a Cambridge, UK :  |b Royal Society of Chemistry :  |b Open University,  |c 2002. 
300 |a 1 online resource (262 pages) :  |b illustrations (chiefly color) 
336 |a text  |b txt  |2 rdacontent 
337 |a computer  |b c  |2 rdamedia 
338 |a online resource  |b cr  |2 rdacarrier 
490 1 |a The molecular world 
500 |a Electronic resource. 
500 |a Published in association with the Open University. 
504 |a Includes bibliographical references and index. 
505 0 0 |t Chemical kinetics /  |r Clive McKee,  |r Michael Mortimer.  |g Introduction --  |t A closer look at chemical reactions --  |t Rate in chemical kinetics --  |t Factors determining the rate of a chemical reaction --  |t Determining experimental rate equations at a fixed temperature --  |t The effect of temperature on the rate of a chemical reaction --  |t Elementary reactions --  |t Reaction mechaniasm --  |t The mechanism of substitution /  |g edited by  |r Peter Taylor  |g from work authored by  |r Richard Taylor.  |t Organic reactions --  |t Reaction mechanisms --  |t Ionic substitution reactions --  |t SN2 and SN1 reaction mechanisms --  |t SN2 versus SN1 --  |t Elimination : pathways and products /  |g edited by  |r Peter Taylor  |g from work authored by  |r Richard Taylor.  |t Introduction : [beta]-elimination reactions --  |t The E2 mechanism --  |t The E1 mechanism --  |t Elimination versus substitution -- Other useful elimination reactions --  |t Case study : shape-selective catalysis using zeolites /  |r Craig Williams,  |r Michael Gagan.  |g Introduction --  |t Structure, properties and classification of zeolites --  |t Shape selectivity --  |t Applications of shape selectivity --  |t Zeolites as enzyme mimics --  |t Mesoporous aluminosilicate structures --  |g Conclusion. 
520 |a Chemical Kinetics and Mechanism considers the role of rate of reaction. It begins by introducing chemical kinetics and the analysis of reaction mechanism, from basic well-established concepts to leading edge research. Organic reaction mechanisms are then discussed, encompassing curly arrows, nucleophilic substitution and E1 and E2 elimination reactions. The book concludes with a Case Study on Zeolites, which examines their structure and internal dimensions in relation to their behaviour as molecular sieves and catalysts. The accompanying CD-ROM contains the "Kinetics Toolkit", a graph-plotting application designed for manipulation and analysis of kinetic data, which is built into many of the examples, questions and exercises in the text. There are also interactive activities illustrating reaction mechanisms. The Molecular World series provides an integrated introduction to all branches of chemistry for both students wishing to specialise and those wishing to gain a broad understanding of chemistry and its relevance to the everyday world and to other areas of science. 
588 0 |a Print version record. 
650 0 |a Chemical kinetics.  |0 http://id.loc.gov/authorities/subjects/sh85022951 
650 0 |a Chemical reaction, Conditions and laws of.  |0 http://id.loc.gov/authorities/subjects/sh85022950 
650 7 |a Chemical kinetics.  |2 fast  |0 (OCoLC)fst00853025 
650 7 |a Chemical reaction, Conditions and laws of.  |2 fast  |0 (OCoLC)fst00853170 
650 7 |a SCIENCE  |x Chemistry  |x Physical & Theoretical.  |2 bisacsh 
650 7 |a Thermodynamics & heat.  |2 bicssc 
655 7 |a Electronic books.  |2 local 
700 1 |a Mortimer, Michael,  |d 1948-  |0 http://id.loc.gov/authorities/names/no2004001771 
700 1 |a Taylor, Peter,  |d 1953-  |0 http://id.loc.gov/authorities/names/no2004001799 
710 2 |a Open University.  |0 http://id.loc.gov/authorities/names/n79032959 
776 0 8 |i Print version:  |t Chemical kinetics and mechanism.  |d Cambridge, UK : Royal Society of Chemistry, 2002  |z 0854046704  |w (OCoLC)50054312 
830 0 |a Molecular world.  |0 http://id.loc.gov/authorities/names/no2003009690 
856 4 0 |u http://proxy.library.tamu.edu/login?url=https://dx.doi.org/10.1039/9781847557803  |z Connect to the full text of this electronic book  |t 0 
955 |a RSC eBooks 
994 |a 92  |b TXA 
999 f f |s 18231778-c286-3d82-a491-820cdffdacd6  |i 50183e2a-80b1-3bfc-a160-c11b3a47d03f  |t 0 
952 f f |a Texas A&M University  |b College Station  |c Electronic Resources  |d Available Online  |t 0  |e QD502 .C54 2002eb  |h Library of Congress classification 
998 f f |a QD502 .C54 2002eb  |t 0  |l Available Online